000 00650nam a22002417a 4500
003 UA-OsUOA
001 94347
007 ta
008 20130208b un ||||| |||| 00| 0 ukr d
100 _aГоголь Н.
090 _a821.161.1
_bГ65
942 _cBK
040 _aUA-OsUOA
_brus
_cUA-OsUOA
_dUA-OsUOA
245 _aПовести
300 _a368 с.
_bІлюстрації
955 _a0
041 _arus
080 _a821.161.1
260 _aМосква
_bХудожественная литература
_c1979
044 _aRU
650 7 _a82 Література. Літературознавство
_2UDC
999 _c380588
_d380588